000 00412nam a2200205Ia 4500
003 IT-RoPAU
008 120407s9999 xx 000 0 und d
040 _aIT-RoPAU
040 _cIT-RoPAU
041 _aita
100 _aLuigi Pirandello
245 _aTutti i romanzi
260 _aMondadori
260 _c1944
300 _a1343 p.
300 _c20 cm
490 _v1
942 _cBK
999 _c25341
_d25341